Accounting for management / (Record no. 3404)

MARC details
000 -LEADER
fixed length control field 00496pam a2200169 4500
001 - CONTROL NUMBER
control field 4152
005 - DATE AND TIME OF LATEST TRANSACTION
control field 20181127172727.0
008 - FIXED-LENGTH DATA ELEMENTS--GENERAL INFORMATION
fixed length control field 960801s1997 njua b 001 0 eng
010 ## - LIBRARY OF CONGRESS CONTROL NUMBER
LC control number 96034705
020 ## - INTERNATIONAL STANDARD BOOK NUMBER
International Standard Book Number 0198093314
245 00 - TITLE STATEMENT
Title Accounting for management /
Statement of responsibility, etc. S. Ramanathan.
250 ## - EDITION STATEMENT
Edition statement 1st ed.
260 ## - PUBLICATION, DISTRIBUTION, ETC.
Place of publication, distribution, etc. New Delhi :
Name of publisher, distributor, etc. Oxford University Press,
Date of publication, distribution, etc. 2014.
300 ## - PHYSICAL DESCRIPTION
Extent xvii, 669 p. ;
Other physical details
Dimensions 26 cm.
504 ## - BIBLIOGRAPHY, ETC. NOTE
Bibliography, etc. note Includes bibliographical references and indexes.
650 #0 - SUBJECT ADDED ENTRY--TOPICAL TERM
Topical term or geographic name entry element Managerial accounting.
Holdings
Withdrawn status Lost status Source of classification or shelving scheme Damaged status Not for loan Collection code Home library Current library Shelving location Serial Enumeration / chronology Inventory number Total Checkouts Full call number Barcode Date last seen Copy number Price effective from Koha item type Date acquired Total Renewals Date last checked out Checked out
    Dewey Decimal Classification     Main TEST RTC Library RTC Library Main opac 6978   658.15 RAM 30007038 27/11/2018 3 27/11/2018 Main        
    Dewey Decimal Classification     Main TEST RTC Library RTC Library Main opac 6988 7 658.15 RAM 30006852 10/12/2024 1 27/11/2018 Main 10/03/2023 1 02/08/2024  
    Dewey Decimal Classification     Main TEST RTC Library RTC Library Main opac 6979 2 658.15 RAM 30007043 06/03/2026 2 27/11/2018 Main 21/09/2023   06/03/2026 29/05/2026
Royal Thimphu College || All Right Reserved